Films de Bertrand Blier par images - Mort subite - Statistiques

Statistiques générales
  • Ce quiz a été pris 100 fois
  • Le résultat moyen est 6 sur 10
Answers on the Grid
Answers color-coded by a green-red scale on the quiz's grid according to % correct below.
 
Statistiques - réponses
Réponse % Correct
Buffet froid
84%
Les Valseuses
76%
Tenue de soirée
71%
Préparez vos mouchoirs
65%
Calmos
58%
Trop belle pour toi
53%
Beau-père
44%
Convoi exceptionnel
42%
Le Bruit des glaçons
42%
Les Acteurs
41%
Aucun quiz correspondant
Distribution des résultats
% des personnes avec chaque résultat
Percentile par nombre de réponses
Votre historique - résultats
Vous n’avez pas pris ce quiz